Ley de medición, conciliación y arbitraje/ (Registro nro. 8252)
[ vista simple ]
| 000 -LEADER | |
|---|---|
| fixed length control field | 01638nam a2200181Ia 4500 |
| 005 - FECHA Y HORA DE LA ÚLTIMA TRANSACCIÓN | |
| control field | 20250123094949.0 |
| 008 - FIXED-LENGTH DATA ELEMENTS--GENERAL INFORMATION | |
| fixed length control field | 230609s9999 xx 000 0 und d |
| 040 ## - CATALOGING SOURCE | |
| Original cataloging agency | UPAN |
| Transcribing agency | Biblioteca San Vicente |
| Description conventions | RCAA2 |
| 041 ## - LANGUAGE CODE | |
| Language code of text/sound track or separate title | spa |
| 082 ## - DEWEY DECIMAL CLASSIFICATION NUMBER | |
| Classification number | 348.023 |
| Item number | C678l |
| año de publicación | 2003 |
| 110 ## - MAIN ENTRY--CORPORATE NAME | |
| Corporate name or jurisdiction name as entry element | Corte Suprema de Justicia |
| 245 #0 - TITLE STATEMENT | |
| Title | Ley de medición, conciliación y arbitraje/ |
| Remainder of title | Corte Suprema de Justicia |
| 260 ## - PUBLICATION, DISTRIBUTION, ETC. (IMPRINT) | |
| Place of publication, distribution, etc | El Salvador; |
| Name of publisher, distributor, etc | Corte suprema de justicia, |
| Date of publication, distribution, etc | 2003 |
| 300 ## - PHYSICAL DESCRIPTION | |
| Extent | 138 p.: |
| Dimensions | 22 cm. |
| 505 ## - FORMATTED CONTENTS NOTE | |
| Formatted contents note | Decreto nº 914. Ley de mediación, conciliación y arbitraje<br/>Titulo primero. Disposiciones generales<br/>Titulo segundo. De la mediación y conciliación <br/>Titulo tercero. Del arbitraje<br/>Titulo cuarto. De los centros de arbitraje<br/>Titulo quinto. Disposiciones transitorias, derogatoria y vigencia<br/>Decreto nº 884. Ley de arrendamiento financiero<br/>Titulo primero. Disposiciones fundamentales<br/>Titulo segundo. Operaciones de arrendamiento financiero<br/>Titulo tercero. Disposiciones tributarias<br/>Titulo cuarto. Disposiciones especiales<br/>Titulo quinto. Aplicación supletoria<br/>Titulo sexto. Disposiciones finales <br/>Decreto nº 868. Ley de marcas y otros signos distintivos<br/>Titulo I. Disposiciones preliminares<br/>Titulo II. Marcas<br/>Titulo III. Marcas colectivas<br/>Titulo IV. Expresiones o señales de publicidad comercial<br/>Titulo V. Nombres comerciales y emblemas<br/>Titulo VI. Indicaciones geográficas<br/>Titulo VII. Normas comunes<br/>Titulo IX. Competencia desleal<br/>Titulo X. Del registro de la propiedad industrial<br/>Titulo XI. Tasas<br/>Titulo XII. Disposiciones comunes, transitorias y vigencias<br/><br/> |
| 650 ## - SUBJECT ADDED ENTRY--TOPICAL TERM | |
| Source of heading or term | LEMB |
| Topical term or geographic name as entry element | Derecho comercial |
| 942 ## - ADDED ENTRY ELEMENTS (KOHA) | |
| Koha item type | Libros |
| Source of classification or shelving scheme | Dewey Decimal Classification |
| Withdrawn status | Lost status | Source of classification or shelving scheme | Damaged status | Not for loan | Collection code | Home library | Current library | Date acquired | Total Checkouts | Full call number | Barcode | Date last seen | Copy number | Price effective from | Koha item type |
|---|---|---|---|---|---|---|---|---|---|---|---|---|---|---|---|
| Dewey Decimal Classification | Colección General | Biblioteca UPAN San Vicente | Biblioteca UPAN San Vicente | 09/06/2023 | 348.023 C678l | 12003055 | 09/06/2023 | 01 | 09/06/2023 | Libros | |||||
| Dewey Decimal Classification | Colección General | Biblioteca UPAN San Vicente | Biblioteca UPAN San Vicente | 09/06/2023 | 348.023 C678l | 12003056 | 09/06/2023 | 02 | 09/06/2023 | Libros | |||||
| Dewey Decimal Classification | Colección General | Biblioteca UPAN San Vicente | Biblioteca UPAN San Vicente | 09/06/2023 | 348.023 C678l | 12003057 | 09/06/2023 | 03 | 09/06/2023 | Libros |